Alternativa bolivariana para los pueblos de nuestra América: ¿la ruptura paradigmática de los modelos de integración? = Bolivarian alternative for the peoples of our America : the paradigmatic breaking of the integration models? /
En el artículo se analiza el proceso de conformación y constitución de la institucionalidad del ALBA durante el período 1999-2008. Es un espacio analítico-documental, en el cual se aplica el método deductivo. Para la recolección de los datos documentales e individuales se utilizó una Guía de Observa...
محفوظ في:
| المؤلف الرئيسي: | |
|---|---|
| التنسيق: | نص |
| الموضوعات: | |
| الوسوم: |
إضافة وسم
لا توجد وسوم, كن أول من يضع وسما على هذه التسجيلة!
|
MARC
| LEADER | 00000 a a2200000 04500 | ||
|---|---|---|---|
| 001 | 40634 | ||
| 003 | |||
| 040 | |||
| 100 | |a Fermín T., Eudis T. | ||
| 245 | |a Alternativa bolivariana para los pueblos de nuestra América: ¿la ruptura paradigmática de los modelos de integración? = |b Bolivarian alternative for the peoples of our America : the paradigmatic breaking of the integration models? / |c Eudis T. Fermín T. | ||
| 500 | |a eudisfermin@cantv.net | ||
| 520 | |a En el artículo se analiza el proceso de conformación y constitución de la institucionalidad del ALBA durante el período 1999-2008. Es un espacio analítico-documental, en el cual se aplica el método deductivo. Para la recolección de los datos documentales e individuales se utilizó una Guía de Observación Documental, aplicada a las fuentes de información seleccionadas, principalmente las declaraciones de las cumbres presidenciales, los instrumentos internacionales (memorándum, acuerdos y convenios), las hemerográficas y las bibliográficas. | ||
| 590 | |a RRA/ENERO2011 | ||
| 650 | |a 1.ALBA | ||
| 650 | |a 2.INTEGRACION REGIONAL | ||
| 650 | |a 3.AMERICA LATINA | ||
| 650 | |a 4.VENEZUELA | ||
| 650 | |a 5.EVALUACION | ||
| 650 | |a 6.ESTRUCTURA ORGANIZACIONAL | ||
| 773 | |g volumen18, número2 ( , 2009), páginas 339-365 : tablas | ||
| 999 | |c 30917 |d 30917 | ||
